Score 0/12 Timer 01:00
0 Plays Today
Clue 4-Letter Word % Correct
The number of times 25 fits into 100FOUR
98.1%
To rain, very forcefullyPOUR
96.3%
A ball hit out of the baselines, in baseballFOUL
95.4%
A black mineral substance used for fuelCOAL
93.4%
A young horseFOAL
90.5%
Calm and collectedCOOL
86.2%
Destitute and the opposite of the last rungPOOR
81.9%
Affluent and the opposite of the first rungRICH
74.5%
Singer Springfield or AstleyRICK
73.4%
Comedian Dane, singer David, or author RobinCOOK
72%
Gneiss, feldspar, or gabbro, e.g.ROCK
51.2%
A black bird of the crow familyROOK
50.5%

Today's Daily Dose

Remove Ads.
Support Sporcle.
Get the best of Sporcle when you Go Orange. This ad-free experience offers more features, more stats, and more fun while also helping to support Sporcle. Thank you for becoming a member.

You're not logged in!

Compare scores with friends on all Sporcle quizzes.
OR
Log In

Show Comments

Extras

Top Quizzes Today


Score Distribution

Your Account Isn't Verified!

In order to create a playlist on Sporcle, you need to verify the email address you used during registration. Go to your Sporcle Settings to finish the process.

Report this User

Report this user for behavior that violates our Community Guidelines.

Details: